00309nam a22000977a 4500040000900000100001500009245005100024942001200075999001900087952010500106 cSCME aYe Xiaowen aPluralismand harmony in the religions of china 2ddccBK c589568d589568 00102ddc4070aSCMEbSCMEcCARTd2022-05-10l0o299.51 X16PpSCME-D243r2022-05-10w2022-05-10yBK